| 000 | 00743nam a22001577a 4500 | ||
|---|---|---|---|
| 005 | 20120213112123.0 | ||
| 020 |
_c100.00 _a9788189672317 |
||
| 100 |
_aचौधरी, अर्चना _941675 |
||
| 245 |
_aमहापुरूषों के हास्य-व्यंग्य / _cअर्चना चौधरी |
||
| 260 |
_aदिल्ली _bसूर्य भारती प्रकाशन _c2010 |
||
| 270 |
_a2596, नई सड़क _bदिल्ली _e110006 _k23266412 |
||
| 300 |
_a72पृ. _c22सेमी (सजिल्द) _bसचित्र |
||
| 700 | _941659 | ||
| 942 |
_2ddc _cCH _mचौधरी |
||
| 999 |
_c62593 _d62593 |
||